| 000 | 01016cam a22003257a 4500 | ||
|---|---|---|---|
| 003 | CHAP | ||
| 005 | 20220329134713.0 | ||
| 008 | 971013s1968 r 00010 d | ||
| 010 | _a24473 | ||
| 011 | _a25445 | ||
| 035 | _a29545 | ||
| 040 | _cCHAP | ||
| 082 |
_a596 _bH3 |
||
| 100 | 0 | 0 |
_aHalstead, L. B. _952394 |
| 245 | 1 | 4 | _aThe pattern of vertebrate evolution |
| 260 |
_aSan Francisco, Calif. : _bW. H. Freeman, _c1968 |
||
| 300 |
_a209 p. _b: ilus. |
||
| 490 | 0 |
_aUniversity review in biology _v; 10 |
|
| 590 |
_aBATCH-UPD _b10 _c20130110 _lUCH01 _h0132 |
||
| 590 |
_aBATCH-UPD _b10 _c20130110 _lUCH01 _h1130 |
||
| 590 |
_aBATCH-UPD _b10 _c20130410 _lUCH01 _h0719 |
||
| 590 |
_aBATCH-UPD _b10 _c20130914 _lUCH01 _h1335 |
||
| 590 |
_aCONVERSION _b10 _c20130109 _lUCH01 _h1314 |
||
| 650 | 1 | 4 |
_aEvolución. _939007 |
| 650 | 1 | 4 |
_aVertebrados. _9118965 |
| 830 | 0 |
_aUniversity review in biology _v; 10 _9116781 |
|
| 901 | _aBK | ||
| 942 | _cLIBRO | ||
| 949 |
_a596 H3 _bBC _cLIBRO _d33724000366811 _eLIBRO _h39761 _i29545 _mD _si |
||
| 999 |
_c24473 _d24473 |
||